LEADER 03041nam 2200685 a 450 001 9910461751003321 005 20200520144314.0 010 $a1-283-09918-7 010 $a9786613099181 010 $a0-8389-9290-0 035 $a(CKB)2670000000088829 035 $a(EBL)691552 035 $a(OCoLC)723945673 035 $a(SSID)ssj0000526691 035 $a(PQKBManifestationID)12179287 035 $a(PQKBTitleCode)TC0000526691 035 $a(PQKBWorkID)10521530 035 $a(PQKB)10547841 035 $a(MiAaPQ)EBC691552 035 $a(Au-PeEL)EBL691552 035 $a(CaPaEBR)ebr10587966 035 $a(CaONFJC)MIL309918 035 $a(EXLCZ)992670000000088829 100 $a20110325d2011 uy 0 101 0 $aeng 135 $aur|n|---||||| 181 $ctxt 182 $cc 183 $acr 200 10$aWorkplace learning & leadership$b[electronic resource] $ea handbook for library and nonprofit trainers /$fLori Reed and Paul Signorelli 210 $aChicago $cAmerican Library Association$d2011 215 $a1 online resource (177 p.) 300 $aDescription based upon print version of record. 311 $a0-8389-1082-3 320 $aIncludes bibliographical references (p. 151-154) and index. 327 $aIn the beginning : getting to the table -- Collaboration : creating a community of learning -- Trainers as internal consultants and facilitators of change -- Preparing to deliver : from initial idea to moment of delivery -- In the middle : trainers as leaders in the classroom -- When learning happens : supporting learners after class -- Learning from success and failure : the importance of effective evaluations -- Master trainers, master learners : training the trainers -- The end is the beginning : leadership and learning in an onsite-online world -- Appendix : Charlotte Mecklenburg Library employee learning and development curriculum. 330 $aIn this practical resource, leading workplace trainers Reed and Signorelli offer guidance on improving the effectiveness of training programs. 606 $aLibrary employees$xIn-service training$zUnited States 606 $aLibrarians$xIn-service training$zUnited States 606 $aNonprofit organizations$xEmployees$xIn-service training$zUnited States 606 $aEmployee training personnel 606 $aCareer development 606 $aOrganizational learning 608 $aElectronic books. 615 0$aLibrary employees$xIn-service training 615 0$aLibrarians$xIn-service training 615 0$aNonprofit organizations$xEmployees$xIn-service training 615 0$aEmployee training personnel. 615 0$aCareer development. 615 0$aOrganizational learning. 676 $a020.71/55 700 $aReed$b Lori$f1972-$01056409 701 $aSignorelli$b Paul$01056410 801 0$bMiAaPQ 801 1$bMiAaPQ 801 2$bMiAaPQ 906 $aBOOK 912 $a9910461751003321 996 $aWorkplace learning & leadership$92490744 997 $aUNINA LEADER 01144nam0 22002891i 450 001 UON00427232 005 20231205104852.261 100 $a20130619f1977 |0itac50 ba 101 $apor 102 $aPT 105 $a|||| 1|||| 200 1 $aˆOs ‰lusiadas$fromance de Manuel Da Silva Ramos e de Alface 210 $aLisboa$cAssirio e Alvim$dc1977 215 $a443 p.$d23 cm. 316 $aValore stimato$5IT-UONSI PortIII/1047 410 1$1001UON00427236$12001 $aCadernos Peninsulares Especial$1210 $aLisboa$cAssirio e Alvim.$v2 620 $aPT$dLisboa$3UONL003135 676 $a869.3$cLetteratura narrativa portoghese$v21 700 1$aSILVA RAMOS$bManuel : da$3UONV217103$0711378 701 0$aALFACE$3UONV217106$0711379 712 $aAssírio & Alvim$3UONV266402$4650 801 $aIT$bSOL$c20240220$gRICA 899 $aSIBA - SISTEMA BIBLIOTECARIO DI ATENEO$2UONSI 912 $aUON00427232 950 $aSIBA - SISTEMA BIBLIOTECARIO DI ATENEO$dSI Port III 1047 $eSI 9253 7 1047 Valore stimato 996 $aLusiadas$91336778 997 $aUNIOR LEADER 00699nam0 22002291i 450 001 UON00193438 005 20231205103224.457 100 $a20030730d1947 |0itac50 ba 101 $aita 102 $aIT 105 $a|||| ||||| 200 1 $aKordian$aMazeppa$fGiulio Slowacki$ga cura di Clotilde Garosci 210 $aTorino$cUnione tipografico - editrice torinese$d1947 312 p. ; 17 cm. 620 $aIT$dTorino$3UONL000014 700 1$aSlowacki$bJuliusz$3UONV114251$0444683 702 1$aGAROSCI$bClotilde$3UONV114303 712 $aUtet$3UONV246439$4650 801 $aIT$bSOL$c20250725$gRICA 912 $aUON00193438 996 $aKordian$91247791 996 $aMazeppa$91374931 997 $aUNIOR